W. B. Yeats, a Life / (Record no. 195)
[ view plain ]
| 000 -LEADER | |
|---|---|
| fixed length control field | 00887cam a22002415a 4500 |
| 001 - CONTROL NUMBER | |
| control field | 227564 |
| 005 - DATE AND TIME OF LATEST TRANSACTION | |
| control field | 20200421093822.0 |
| 008 - FIXED-LENGTH DATA ELEMENTS--GENERAL INFORMATION | |
| fixed length control field | 990407s1998 enk 000 0 eng |
| 010 ## - LIBRARY OF CONGRESS CONTROL NUMBER | |
| LC control number | 99194327 |
| 020 ## - INTERNATIONAL STANDARD BOOK NUMBER | |
| International Standard Book Number | 0192880853 |
| 040 ## - CATALOGING SOURCE | |
| Original cataloging agency | DLC |
| Transcribing agency | DLC |
| Modifying agency | DLC |
| 050 00 - LIBRARY OF CONGRESS CALL NUMBER | |
| Classification number | IN PROCESS |
| 100 1# - MAIN ENTRY--PERSONAL NAME | |
| Personal name | Foster, R. B. |
| 9 (RLIN) | 369 |
| 245 10 - TITLE STATEMENT | |
| Title | W. B. Yeats, a Life / |
| Statement of responsibility, etc. | R.F. Foster. |
| 260 ## - PUBLICATION, DISTRIBUTION, ETC. | |
| Place of publication, distribution, etc. | [England] : |
| Name of publisher, distributor, etc. | Oxford University Press, |
| Date of publication, distribution, etc. | [1998] |
| 300 ## - PHYSICAL DESCRIPTION | |
| Extent | 672 p. ₊ |
| Dimensions | 32 p. of plates. |
| 856 42 - ELECTRONIC LOCATION AND ACCESS | |
| Materials specified | Publisher description |
| Uniform Resource Identifier | <a href="http://www.loc.gov/catdir/enhancements/fy0604/99194327-d.html">http://www.loc.gov/catdir/enhancements/fy0604/99194327-d.html</a> |
| 856 41 - ELECTRONIC LOCATION AND ACCESS | |
| Materials specified | Table of contents only |
| Uniform Resource Identifier | <a href="http://www.loc.gov/catdir/enhancements/fy0604/99194327-t.html">http://www.loc.gov/catdir/enhancements/fy0604/99194327-t.html</a> |
| 856 42 - ELECTRONIC LOCATION AND ACCESS | |
| Materials specified | Contributor biographical information |
| Uniform Resource Identifier | <a href="http://www.loc.gov/catdir/enhancements/fy0725/99194327-b.html">http://www.loc.gov/catdir/enhancements/fy0725/99194327-b.html</a> |
| 906 ## - LOCAL DATA ELEMENT F, LDF (RLIN) | |
| a | 0 |
| b | ibc |
| c | orignew |
| d | 3 |
| e | ncip |
| f | 19 |
| g | y-gencatlg |
| 942 ## - ADDED ENTRY ELEMENTS (KOHA) | |
| Source of classification or shelving scheme | Dewey Decimal Classification |
| Koha item type | Books |
| Withdrawn status | Lost status | Damaged status | Not for loan | Collection | Home library | Current library | Shelving location | Date acquired | Barcode | Date last seen | Price effective from | Koha item type |
|---|---|---|---|---|---|---|---|---|---|---|---|---|
| Reference | Fairview | Fairview | General stacks | 09/04/2014 | 39999000008197 | 09/04/2014 | 09/04/2014 | Books |